<?xml version="1.0" encoding="UTF-8"?>
<record
    xmlns:xsi="http://www.w3.org/2001/XMLSchema-instance"
    xsi:schemaLocation="http://www.loc.gov/MARC21/slim http://www.loc.gov/standards/marcxml/schema/MARC21slim.xsd"
    xmlns="http://www.loc.gov/MARC21/slim">

  <leader>03974nam a2200589Ia 4500</leader>
  <controlfield tag="001">811</controlfield>
  <controlfield tag="008">241029s9999    xx            000 0 und d</controlfield>
  <datafield tag="010" ind1=" " ind2=" ">
    <subfield code="a">734</subfield>
  </datafield>
  <datafield tag="041" ind1=" " ind2=" ">
    <subfield code="a">Espa&#xF1;ol</subfield>
  </datafield>
  <datafield tag="082" ind1=" " ind2=" ">
    <subfield code="a">NO APLICA</subfield>
  </datafield>
  <datafield tag="245" ind1=" " ind2="0">
    <subfield code="a">Preparaci&#xF3;n del docente para para el desarrollo de las habilidades de c&#xE1;lculo de operaciones elementales con fracciones en los alumnos de 4to. Grado de B&#xE1;sica de la Escuela B&#xE1;sica Hermanas Mirabal del Distrito 09-02 de Esperanza, 2012-2013</subfield>
  </datafield>
  <datafield tag="260" ind1=" " ind2=" ">
    <subfield code="a">Valverde</subfield>
  </datafield>
  <datafield tag="300" ind1=" " ind2=" ">
    <subfield code="a">67</subfield>
  </datafield>
  <datafield tag="520" ind1=" " ind2=" ">
    <subfield code="a">30</subfield>
  </datafield>
  <datafield tag="630" ind1=" " ind2=" ">
    <subfield code="a">Actitud de los Docentes</subfield>
  </datafield>
  <datafield tag="630" ind1=" " ind2=" ">
    <subfield code="a">Administraci&#xF3;n de Proyectos</subfield>
  </datafield>
  <datafield tag="630" ind1=" " ind2=" ">
    <subfield code="a">Competencia Docente</subfield>
  </datafield>
  <datafield tag="630" ind1=" " ind2=" ">
    <subfield code="a">Competencia Pedag&#xF3;gica</subfield>
  </datafield>
  <datafield tag="630" ind1=" " ind2=" ">
    <subfield code="a">Desempe&#xF1;o Profesional</subfield>
  </datafield>
  <datafield tag="650" ind1=" " ind2=" ">
    <subfield code="a">Programa de Estudios</subfield>
  </datafield>
  <datafield tag="690" ind1=" " ind2=" ">
    <subfield code="a">Elaborado</subfield>
  </datafield>
  <datafield tag="700" ind1=" " ind2=" ">
    <subfield code="e">asesor</subfield>
    <subfield code="a">Buduen, In&#xE9;s </subfield>
  </datafield>
  <datafield tag="700" ind1=" " ind2=" ">
    <subfield code="e">autor</subfield>
    <subfield code="a">Pichardo, Diana Mercedes</subfield>
  </datafield>
  <datafield tag="700" ind1=" " ind2=" ">
    <subfield code="e">autor</subfield>
    <subfield code="a">Brito Alcantara, Kelvin Elias</subfield>
  </datafield>
  <datafield tag="700" ind1=" " ind2=" ">
    <subfield code="e">asesor</subfield>
    <subfield code="a">Matias, Evarista </subfield>
  </datafield>
  <datafield tag="901" ind1=" " ind2=" ">
    <subfield code="a">{"1":"Pichardo","2":"Brito Alcantara"}</subfield>
    <subfield code="b">{"1":"Diana Mercedes","2":"Kelvin Elias"}</subfield>
  </datafield>
  <datafield tag="902" ind1=" " ind2=" ">
    <subfield code="a">2</subfield>
  </datafield>
  <datafield tag="903" ind1=" " ind2=" ">
    <subfield code="a">{"1":"Matias","2":"Buduen"}</subfield>
    <subfield code="b">{"1":"Evarista ","2":"In&#xE9;s "}</subfield>
  </datafield>
  <datafield tag="904" ind1=" " ind2=" ">
    <subfield code="a">Maestr&#xED;a en</subfield>
  </datafield>
  <datafield tag="905" ind1=" " ind2=" ">
    <subfield code="a">Gesti&#xF3;n de Centros</subfield>
  </datafield>
  <datafield tag="906" ind1=" " ind2=" ">
    <subfield code="a">2</subfield>
  </datafield>
  <datafield tag="907" ind1=" " ind2=" ">
    <subfield code="a">NO APLICA</subfield>
  </datafield>
  <datafield tag="908" ind1=" " ind2=" ">
    <subfield code="a">NO APLICA</subfield>
  </datafield>
  <datafield tag="909" ind1=" " ind2=" ">
    <subfield code="a">Universidad Aut&#xF3;noma de Santo Domingo (UASD)</subfield>
  </datafield>
  <datafield tag="910" ind1=" " ind2=" ">
    <subfield code="a">NULL</subfield>
    <subfield code="b">NULL</subfield>
  </datafield>
  <datafield tag="911" ind1=" " ind2=" ">
    <subfield code="a">["1"]</subfield>
  </datafield>
  <datafield tag="912" ind1=" " ind2=" ">
    <subfield code="a">NO APLICA</subfield>
  </datafield>
  <datafield tag="913" ind1=" " ind2=" ">
    <subfield code="a">NULL</subfield>
  </datafield>
  <datafield tag="914" ind1=" " ind2=" ">
    <subfield code="a">21 de Febrero de 2013</subfield>
  </datafield>
  <datafield tag="915" ind1=" " ind2=" ">
    <subfield code="a">21/07/15 12:07</subfield>
  </datafield>
  <datafield tag="916" ind1=" " ind2=" ">
    <subfield code="a">NULL</subfield>
  </datafield>
  <datafield tag="917" ind1=" " ind2=" ">
    <subfield code="a">NULL</subfield>
  </datafield>
  <datafield tag="918" ind1=" " ind2=" ">
    <subfield code="a">NO APLICA</subfield>
  </datafield>
  <datafield tag="919" ind1=" " ind2=" ">
    <subfield code="a">["4","9","35","38","63"]</subfield>
  </datafield>
  <datafield tag="520" ind1=" " ind2=" ">
    <subfield code="a">Los principales prop&#xF3;sitos del estudio consistieron en caracterizar el estado actuar de la preparaci&#xF3;n del docente para el desarrollo de las habilidades de c&#xE1;lculos de operaciones elementales con fracciones, dise&#xF1;ar un programa de acciones que eleve la preparaci&#xF3;n del docente para el desarrollo de las habilidades de c&#xE1;lculos de operaciones elementales con fracciones en los alumnos de 4to Grado de B&#xE1;sica de la Escuela Hermanas Mirabal del Distrito 09-02 de Esperanza y determinar la viabilidad del sistema de acciones.En t&#xE9;rminos metodol&#xF3;gicos en esta investigaci&#xF3;n adopto el m&#xE9;todo dial&#xE9;ctico ? materialista. Entre los m&#xE9;todos aplicados se encuentran &#xA0;hist&#xF3;rico ? l&#xF3;gico, anal&#xED;tico ? sint&#xE9;tico, modelaci&#xF3;n, inductivo ? deductivo; las t&#xE9;cnicas aplicada fueron la observaci&#xF3;n, la encuesta y la entrevista y la estad&#xED;stica. La poblaci&#xF3;n objeto de estudio consto de 3 docentes y 97 alumnos/as del 4to grado de b&#xE1;sica de la Escuela Hermanas Mirabal del Distrito Educativo 09-02 del Municipio de Esperanza, Valverde.la muestra estuvo representada por el total de la poblaci&#xF3;n.El estudio concluye que existe deficiencia en el desarrollo y aplicaci&#xF3;n de las habilidades &#xA0;de c&#xE1;lculos elementales con fracciones por parte de los docentes, por tal raz&#xF3;n se planteo un &#xA0; sistema &#xA0;de acciones que contribuye a la elevaci&#xF3;n y preparaci&#xF3;n del docente para el desarrollo de la habilidades de c&#xE1;lculo, este sistema de acciones result&#xF3; viable en tanto los especialistas emitieron opiniones favorables, &#xA0;lo valoraron de relevante y &#xA0;confiable fue corroborado en la aplicaci&#xF3;n parcial de la propuesta. El sistema de acciones &#xA0;es perceptible por el trabajo continuo como forma de integraci&#xF3;n para el cumplimiento de todas las acciones que posibilitan plantear reflexiones, &#xA0;experiencias, modo de actuaci&#xF3;n y brindar la oportunidad &#xA0;de llegar a conclusiones y acuerdo para resolver deficiencia de la preparaci&#xF3;n de los docentes.&#xA0;Aplicar el sistema de acciones &#xA0;en su totalidad y generalizarlo a los &#xA0;grados de b&#xE1;sica y sistematizar experiencias &#xA0;ya que, como m&#xE9;todo enriquecedor &#xA0;permite develar &#xA0;nuevas &#xA0;v&#xED;as &#xA0;para la capacitaci&#xF3;n permanente para los nuevos conocimientos.&#xA0;</subfield>
  </datafield>
  <datafield tag="921" ind1=" " ind2=" ">
    <subfield code="a">16</subfield>
  </datafield>
  <datafield tag="922" ind1=" " ind2=" ">
    <subfield code="a">16</subfield>
  </datafield>
  <datafield tag="923" ind1=" " ind2=" ">
    <subfield code="a">0</subfield>
  </datafield>
  <datafield tag="924" ind1=" " ind2=" ">
    <subfield code="a">NO APLICA</subfield>
  </datafield>
  <datafield tag="942" ind1=" " ind2=" ">
    <subfield code="c">Tesis</subfield>
  </datafield>
  <datafield tag="999" ind1=" " ind2=" ">
    <subfield code="c">734</subfield>
    <subfield code="d">734</subfield>
  </datafield>
</record>
